[Event "Pune"]
[Site "Pune"]
[Date "2004.09.10"]
[Round "7"]
[White "Azmaiparashvili, Zurab"]
[Black "Kunte, Abhijit"]
[Result "1/2-1/2"]
[WhiteElo "2679"]
[BlackElo "2532"]
[Annotator "Ribli,Z"]
[PlyCount "130"]
[EventDate "2004.09.03"]
[EventType "tourn"]
[EventRounds "9"]
[EventCountry "IND"]
[EventCategory "16"]
[SourceTitle "CBM 104"]
[Source "ChessBase"]
[SourceDate "2005.01.27"]
[SourceVersion "1"]
[SourceVersionDate "2005.01.27"]
[SourceQuality "1"]

1. Nf3 Nf6 2. c4 e6 3. Nc3 Bb4 4. g3 O-O (4... b6 5. Bg2 Bb7 6. Qb3 a5 7. O-O
O-O 8. d3 d5 9. a3 Be7 10. cxd5 Nxd5 11. Na4 Nd7 12. e4 N5f6 13. Be3 Ng4 14.
Bf4 Bd6 {1/2-1/2 Sorokin,M-Kunte,A/Hyderabad 2000/CBM 79 (30)}) 5. Bg2 d5 $5 6.
Qc2 (6. a3 Be7 $11) (6. cxd5 exd5 7. a3 Be7 $11 (7... Bd6 $11)) 6... dxc4 7.
Nd1 $146 {[%cal Gd1e3,Ge3c4][%mdl 4]} (7. Ne4 Nxe4 8. Qxe4 Qd5 $13) 7... a6 (
7... Nc6 $5 8. Qxc4 (8. Ne3 e5 $11) 8... Bd6 $11) 8. Ne3 (8. Qxc4 Bd6 9. d4 b5
(9... Nc6 $11) 10. Qc2 Bb7 $11) 8... b5 9. Ng5 Ra7 10. b3 {[%cal Gc1b2,Gb2f6]
Auf diese Weise kann Weiß den Läufer auf b2 entwickeln.} cxb3 11. axb3 $44 {
Weiß hat ein gutes Figurenspiel und nach 12.Lb2 bekommt er Angriffschancen.}
Qd4 {Dieser Zug führt zu Vereinfachungen.} (11... h6 12. h4 Nbd7 13. Bb2 $44) (
11... Nbd7 12. Bb2 $44) 12. Bb2 Qc5 13. Bxf6 Qxc2 14. Nxc2 gxf6 15. Nxb4 fxg5 {
Nach forcierten Varianten haben wir eine Stellung, in der Schwarz einen Bauern
mehr hat, Weiß aber einen Entwicklungsvorteil hat und Schwarz zudem einige
Felderschächen besitzt.} 16. Nc6 (16. d4 Rd8 17. e3 e5 $132) (16. h4 $44) 16...
Nxc6 17. Bxc6 {[%csl Gc6][%cal Rc6b5] Der c6B steht sehr aktiv und paralysiert
den schwarzen Damenflügel. Droht jetzt 18.Bxb5.} Bb7 (17... b4 18. Ra5 $44) 18.
Bxb7 Rxb7 19. Rxa6 c5 20. h4 $14 {[%csl Ga6,Gh1][%cal Ga1a8] Weiß kontrolliert
die einzig offene Linie und der h1R kommt auch ins Spiel.} c4 21. hxg5 cxb3 22.
d3 {[%csl Rb3,Rb5][%cal Ge1d2,Gh1b1,Gb1b5] Weiß bereitet 23.Kd2 vor, die
schwarze Bauern auf b3 und b5 sind potentielle Schwächen.} Rc8 23. Kd2 Rc2+ 24.
Ke3 Rbc7 (24... Ra2 25. Rc6 Rc2 $2 26. Rxc2 bxc2 27. Rc1 Rc7 28. Kd2 $16) 25.
Ra3 Rb2 (25... b2 26. Rb1 $16 {[%csl Rb2]}) 26. f4 Kg7 (26... Rcc2 27. Re1 $14)
27. Re1 {Weiß verteidigt erst seinen e2-Bauern und möchte dann seinen König
befreien.} Rc3 28. Ra5 Rc5 (28... b4 $2 29. Rb5 $16 {[%csl Rb4]}) 29. Kd4 Rcc2
30. e3 (30. Rxb5 $6 Rxe2 31. Rxe2 (31. Rxb3 Rxe1 32. Rxb2 Rg1 $11) 31... Rxe2
32. Rxb3 Rg2 $11) 30... Ra2 31. Rxb5 Ra4+ 32. Ke5 b2 33. Rb1 Rc3 (33... Ra2 34.
d4 $16) 34. R1xb2 Rxd3 35. R2b3 Rxb3 36. Rxb3 {[%mdl 4096] Weiß hat einen
Bauern mehr, aber wegen des reduzierten Materials hat Schwarz gute
Remischancen.} Ra5+ 37. Ke4 h6 {Schwarz möchte so viel Material wie möglich
tauschen.} 38. gxh6+ Kxh6 39. Kf3 Kg7 40. e4 (40. g4 $14) 40... Ra4 41. e5 Ra1
42. Kg4 Ra5 43. Kh5 (43. Kg5 $2 f6+ $11) 43... Ra4 44. Kg5 Ra5 45. Re3 Rb5 46.
g4 Ra5 47. Kh5 Rb5 {Stufenweise verbessert Weiß seine Stellung, Schwarz
verfolgt die beste Strategie - er bleibt mit seinem Turm auf der fünften Reihe.
} 48. f5 {Letztlich führt dieser Zug zum Remis, aber Weiß hat nichts anderes.}
exf5 49. gxf5 f6 50. Rg3+ Kh7 51. Ra3 Rxe5 52. Ra7+ Kg8 53. Kg6 Re8 54. Kxf6
Re1 $11 {Dieses Turmendspiel ist ein theoretisches Remis, Weiß kann seinen
Mehrbauern nicht verwerten.} 55. Rg7+ (55. Ra8+ Kh7 $11) 55... Kf8 (55... Kh8)
56. Rd7 Kg8 57. Rd8+ Kh7 58. Kf7 Ra1 {[%csl Ga1,Gh7][%cal Ga1a7,Ga7f7] Ein
typisches Zusammenspiel in solchen Stellungen - der König steht auf h7 (kurze
Seite) und der Turm auf a1 (lange Seite).} 59. Rd7 Ra8 60. Kf6+ (60. f6 Rb8 $11
) 60... Kh6 $8 (60... Kg8 61. Kg6 $18) (60... Kh8 61. Kg6 Rg8+ 62. Kh6 Rf8 63.
Rd6 $18) 61. Rb7 Ra6+ 62. Ke5 (62. Kf7 Kg5 $11) 62... Ra5+ 63. Ke6 Ra6+ 64. Ke7
Kg5 65. f6 Rxf6 1/2-1/2

[Event "Moscow Aeroflot op-A"]
[Site "Moscow"]
[Date "2003.02.11"]
[Round "1"]
[White "Zvjaginsev, Vadim"]
[Black "Riazantsev, Alexander"]
[Result "1-0"]
[WhiteElo "2671"]
[BlackElo "2538"]
[Annotator "Ribli,Z"]
[PlyCount "57"]
[EventDate "2003.02.10"]
[EventType "swiss"]
[EventRounds "9"]
[EventCountry "RUS"]
[SourceTitle "CBM 094"]
[Source "ChessBase"]
[SourceDate "2003.05.26"]
[SourceVersion "1"]
[SourceVersionDate "2003.05.26"]
[SourceQuality "1"]

1. c4 Nf6 2. Nc3 e6 3. Nf3 Bb4 4. g4 {Das ist die Lieblingsvariante des weißen
Spielers. Weiß moechte sich im folgenden mit g4-g5 die Initiative am
Koenigsfluegel verschaffen.} O-O {Schwarz hat keine Angst von 5.g5. Die
Alternativen sind 4...h6, 4...Bxc3, 4...d6 und 4...d5.} (4... d5 5. g5 Ne4 6.
h4 Nc6 7. Qc2 f5 8. gxf6 Nxf6 9. a3 Bxc3 10. dxc3 Qe7 11. Bg5 Bd7 12. O-O-O
dxc4 13. h5 O-O-O 14. h6 {1-0 Zvjaginsev,V-Piket,J/Tilburg 1998/EXT 99/[Ribli]
(26)}) 5. g5 (5. Qb3 Be7 6. g5 Ne8 7. d4 b6 8. h4 Bb7 9. Rh3 f5 10. Bf4 Nc6 11.
e3 Na5 12. Qc2 Nd6 13. Ne5 {1-0 Miroshnichenko,E-Jedynak,R/Swidnica 2000/EXT
2003 (40)}) 5... Ne8 6. Qc2 (6. Rg1 d5 (6... c5) 7. Qb3 Bxc3 8. Qxc3 Nd6 (8...
Nc6 $5) 9. b3 Ne4 10. Qc2 c5 11. Bb2 Nc6 12. a3 b6 13. e3 f5 $2 (13... Bb7 14.
d3 Nd6 15. O-O-O a5 $132) 14. gxf6 Nxf6 15. cxd5 exd5 16. Ng5 $36 {[%csl Gb2,
Gg1,Rg8][%cal Gb2g7,Gg1g7,Gc2h7] 1-0 Vaisser,A-Sokolov,A/Val d'Isere 2002/CBM
91/[Ribli] (35)}) 6... d5 7. a3 (7. b3 Be7 (7... Nc6) 8. Rg1 c5 9. e3 Nc6 10.
Bd3 f5 11. gxf6 Nxf6 12. a3 Qe8 13. Bb2 Qh5 14. Be2 {[%cal Ge2h5] 1-0
Krasenkow,M-Romanishin,O/Lvov 2000/CBM 77/[Ribli] (36)}) 7... Be7 8. d4 (8.
cxd5 exd5 9. d4 Nc6 10. Bf4 Bg4 11. Ne5 Nxe5 12. Bxe5 Bxg5 13. Rg1 Be6 14. e3
f6 15. Bg3 f5 16. Be5 Bf6 17. O-O-O c6 {1/2-1/2 Roiz,M-Alienkin,A/Beersheba
1998/EXT 2000 (17)}) 8... c5 (8... dxc4 9. e4 $44) 9. dxc5 Bxc5 (9... dxc4 10.
Ne4 Qd5 11. Bg2 $14) 10. e3 Be7 11. h4 (11. Rg1) 11... dxc4 $6 {Dieser Zug
gefaellt mir nicht, weil Schwarz dem Gegner damit nur in der Entwicklung hilft.
} (11... Nc6 $142 $5 12. cxd5 exd5 13. Bd3 g6 $13) 12. Bxc4 $14 {Weiß hat
Raumvorteil und eine aktive Figurenstellung.} Nd6 {Schwarz verbessert seinen
passiven Springer.} 13. Bd3 Nf5 (13... g6 14. h5 $40 Bxg5 $2 15. Rg1 $18) 14.
e4 Nd6 (14... Nd4 $2 15. Nxd4 Qxd4 16. Nb5 $18 {[%cal Rb5d4,Rb5c7,Rc7a8]}) 15.
Bf4 f5 (15... Nc6 16. O-O-O $36) 16. exf5 (16. gxf6 $5 Rxf6 17. Bxd6 Rxf3 18.
e5 $16) 16... Nxf5 (16... exf5 17. O-O-O $36) 17. O-O-O $16 {[%cal Gd1d8,Gc2h7]
Weiß hat Entwicklungsvorteil und eine starke Angriffstellung erhalten.} Qa5 $2
(17... Qb6 18. Rhe1 $16) 18. Nd4 $1 {[%cal Gd4f5][%mdl 64] Mit diesem
unerwarteten Zug tauscht Weiß den Nf5, die beste schwarze Figur.} Nc6 (18...
Qc5 19. Nxf5 exf5 20. Nd5 Qxc2+ 21. Bxc2 Bd8 22. Rhe1 Nc6 23. Bd6 $18) (18...
Nxd4 19. Bxh7+ Kh8 20. Rxd4 $16) 19. Nxf5 exf5 20. Bc4+ Kh8 21. Rd5 {[%csl Gc4,
Gd5,Gf4][%mdl 2048]} Bc5 (21... Qb6 22. Na4 $18 {[%csl Rb6][%cal Ra4b6] Es
gibt kein Feld fuer die schwarze Dame.}) 22. Na4 {[%csl Rc5][%cal Rd5a5]} b5 (
22... b6 23. Bd2 $18) 23. Rxc5 $18 {Weiß hat eine Figur mehr, Schwarz hat
keine Kompensation.} Nd4 24. Qd1 Bb7 25. Qxd4 $1 (25. Nc3 $18) 25... Bxh1 26.
Nc3 Rad8 27. Bd5 Bxd5 (27... Rxd5 28. Nxd5 Qe1+ 29. Kc2 Be4+ 30. Kb3 $18) 28.
Bc7 $1 (28. Rxd5 $18) 28... Bb3 29. Qxd8 1-0

[Event "FRA-ch"]
[Site "Val d'Isere"]
[Date "2004.08.26"]
[Round "11"]
[White "Le Roux, Jean Pierre"]
[Black "Sokolov, Andrei"]
[Result "0-1"]
[WhiteElo "2489"]
[BlackElo "2583"]
[Annotator "Ribli,Z"]
[PlyCount "65"]
[EventDate "2004.08.16"]
[EventType "tourn"]
[EventRounds "11"]
[EventCountry "FRA"]
[EventCategory "13"]
[SourceTitle "CBM 103"]
[Source "ChessBase"]
[SourceDate "2004.11.11"]
[SourceVersion "1"]
[SourceVersionDate "2004.11.11"]
[SourceQuality "1"]

1. Nf3 Nf6 2. c4 e6 3. Nc3 Bb4 4. g3 {Dieser Zug wird relativ selten gespielt,
die Alternative 4.Qc2 ist populärer.} O-O 5. Bg2 d5 6. a3 Bxc3 7. bxc3 {
Dieser Tausch scheint mir ein wenig unnatürlich.} ({Die Alternative} 7. dxc3 $5
{bietet Weiss bessere Chancen.}) 7... c5 8. O-O Nc6 9. Rb1 (9. cxd5 exd5 10. d4
(10. d3 h6 $5 (10... Re8 11. Re1 h6 12. Rb1 Re7 13. h3 Be6 14. g4 Qd7 15. Bf4
h5 $5 16. g5 Nh7 17. Kh2 Bf5 {0-1 Olafsson,H-Arnason,J/Akureyri 1988/CBM 08 
(33)}) 11. Qc2 Re8 12. h3 b6 13. Re1 Bb7 14. Bf4 Qe7 $10 {1/2-1/2
Mikhalchishin,A-Kohlweyer,B/Groningen 1990/CBM 22/[Ribli] (20)}) 10... cxd4 11.
Nxd4 Be6 12. Nxc6 bxc6 13. Qa4 c5 14. Rd1 Qe7 15. Bg5 h6 16. Bxf6 Qxf6 17. Qa5
Qe5 18. e3 Rac8 19. Rd2 Rfd8 {1/2-1/2 Sorokin,M-Slipak,S/Potrero de los Funes
1995/EXT 97 (56)}) 9... b6 10. cxd5 (10. d3 Bb7 11. Qa4 Qe7 12. Re1 h6 13. cxd5
exd5 14. c4 d4 15. e4 dxe3 16. Bxe3 Qd7 17. Ne5 Nxe5 18. Qxd7 Nfxd7 19. Bxb7
Rab8 20. Be4 Rfe8 21. Bf4 g5 {1/2-1/2 Speelman,J-Arnason,J/Beersheba 1987/CBM
05 (28)}) 10... exd5 11. d3 h6 $5 {[%cal Gc8f5,Gf5h7][%mdl 32] Weiss hat das
Lauferpaar, aber Schwarz hat ein aktives Bauernzentrum und eine feste Stellung.
Mit dem Textzug möchte Schwarz den Wirkungskreis des Läufers c1 einschränken.
Die andere Idee von ...h6 ist, dass Schwarz nach ...Bf5 das Rückzugsfeld h7
frei haben möchte.} 12. Re1 Re8 $11 (12... Bb7) 13. h3 Bf5 {[%cal Gf5b1]
Schwarz ist gut entwickelt und seine Stellung weist keine Schwächen auf.} (
13... Bb7 $11) 14. Qa4 Rc8 15. g4 Bh7 16. Bf4 c4 (16... Ne4 $1 17. Rbc1 (17.
dxe4 $2 Rxe4 $17 {[%cal Re4f4,Re4a4]}) (17. Qc2 Qf6 18. Bd2 Nxd2 19. Qxd2 d4
$15) 17... Qf6 18. Bd2 Nxd2 19. Nxd2 Qd6 $15) 17. Rbd1 cxd3 18. exd3 Rxe1+ 19.
Nxe1 Na5 {Die weisse Bauernstruktur am Damenflügel ist schwach, aber auch der
schwarze Damenisolani ist eine potentielle Schwäche.} 20. Qb4 Nc6 21. Qb5 (21.
Qa4) 21... Qe7 22. Nc2 (22. g5 hxg5 23. Bxg5 Qe5 24. Bxf6 Qxf6 $15) (22. Bxd5
Nxd5 23. Qxd5 Qxa3 24. Qd7 Qf8 $11) 22... Qc5 $1 23. Qb2 (23. Qxc5 bxc5 $11)
23... Ne7 {[%cal Ge7g6,Rc8c3] Schwarz greift den Bauern c3 an und bereitet das
Springermanöver 24...Ng6 vor.} 24. Be5 Ng6 25. Bd4 (25. Bxf6 gxf6 26. Ne3 Nf4
$36) 25... Qd6 26. Qb4 Qxb4 (26... Qc6 $5 $15) 27. Nxb4 Nf4 $36 {[%csl Gf4]
Der Springer steht ausgezeichnet auf f4, es droht 28...Ne2+.} 28. Bf1 (28. Bxf6
gxf6 29. Nxd5 Nxd5 30. Bxd5 Rxc3 $17 {[%cal Rc3a3,Rc3d3]}) (28. Be5 Nxg2 29.
Kxg2 a5 30. Nc2 Nd7 31. Bd4 Nc5 32. Ne3 Nxd3 33. Nxd5 Be4+ 34. f3 Bxd5 35. Rxd3
$11) 28... a5 29. Nc2 (29. Na2) 29... Ne6 30. Bxf6 gxf6 31. Ne3 {Weiss
verteidigt sich gut, der d5P ist der Angriffspunkt des weisse Gegenspiels.} Nf4
(31... Rxc3 32. Nxd5 Rxa3 33. d4 (33. Nxb6 Nd4) 33... Ra4 34. Nxb6 Rxd4 35. Ra1
) 32. c4 d4 33. Ng2 $4 {[%mdl 8192] Ein unglaublicher Fehler, nachdem Weiss
mindestens drei Bauern verliert!} (33. Nc2 Rd8 $11) (33. Ng2 $4 Nxh3+ 34. Kh2
Nxf2 $19 {[%cal Rf2g4,Rf2d1]}) 0-1

[Event "Altensteig"]
[Site "Altensteig"]
[Date "1992.??.??"]
[Round "1"]
[White "Gabriel, Christian"]
[Black "Romanishin, Oleg M"]
[Result "1/2-1/2"]
[WhiteElo "2490"]
[BlackElo "2555"]
[Annotator "Ribli,Z"]
[PlyCount "73"]
[EventDate "1992.07.??"]
[EventType "tourn"]
[EventRounds "11"]
[EventCountry "GER"]
[EventCategory "11"]
[SourceTitle "CBM 031"]
[Source "ChessBase"]
[SourceDate "1992.12.01"]
[SourceVersion "1"]
[SourceVersionDate "1992.12.01"]
[SourceQuality "1"]

1. Nf3 Nf6 2. c4 e6 3. Nc3 Bb4 4. Qc2 c5 5. a3 Ba5 6. e3 O-O (6... d5 $2 7. Na4
b6 8. Rb1 $16 {Tal,M-Romero,M Sevilla 1992 CBM/29}) 7. d4 b6 (7... d6 8. Be2
Nbd7 9. O-O Qe7 10. b3 Bxc3 11. Qxc3 b6 12. Bb2 Ne4 13. Qc2 $14 {Illescas
Cordoba,M-Romanishin,O Terrassa 1991 CBM/24}) 8. Bd3 Bb7 9. O-O Bxc3 10. Qxc3
d6 11. b4 Nbd7 12. Bb2 Rc8 13. Nd2 d5 $6 (13... cxd4 $1 14. Qxd4 e5 15. Qh4 $13
(15. Qxd6 $2 Rc6 $19)) 14. dxc5 bxc5 15. cxd5 Bxd5 16. Rac1 Nb6 17. Ba6 $14
cxb4 18. Qxb4 Rxc1 19. Rxc1 Ba8 20. e4 h6 21. Be5 Ng4 22. Bd6 Qh4 23. Bg3 Qg5
24. Rc5 Qg6 25. f3 Nf6 26. Qa5 Nfd7 27. Rc7 Qf6 28. Rxa7 Qa1+ 29. Nf1 Bc6 30.
Rc7 Ba4 31. Rxd7 Nxd7 32. Qxa4 Nc5 33. Qa5 Nxa6 34. Qxa6 Rd8 35. Bf2 Rd2 36. h3
Ra2 37. Qc4 $16 1/2-1/2

[Event "Griesheim GM 3rd"]
[Site "Griesheim"]
[Date "2003.01.31"]
[Round "3"]
[White "Ruck, Robert"]
[Black "Kunin, Vitaly L"]
[Result "1-0"]
[WhiteElo "2583"]
[BlackElo "2476"]
[Annotator "Ribli,Z"]
[PlyCount "75"]
[EventDate "2003.01.29"]
[EventType "tourn"]
[EventRounds "9"]
[EventCountry "GER"]
[EventCategory "11"]
[SourceTitle "CBM 094"]
[Source "ChessBase"]
[SourceDate "2003.05.26"]
[SourceVersion "1"]
[SourceVersionDate "2003.05.26"]
[SourceQuality "1"]

1. Nf3 Nf6 2. c4 e6 3. Nc3 Bb4 4. g3 O-O {Statt dieser natuerlicher
Fortsetzung kann Schwarz auch 4...b6 ziehen und nach 5.Bg2 Bb7 6.0-0 0-0 7.Qc2
fortsetzen, mit ungefaehr gleichen Chancen.} 5. Bg2 d5 {Die andere moegliche
Spielweise waere 5...c5.} 6. a3 (6. Qb3 Nc6 7. d4 Ne4 $13) 6... Bxc3 (6... Be7
$5 {Dieser Zug sieht aus wie ein Tempoverlust, weil Schwarz zunächst 3...Bb4
und jetzt 6...Be7 gezogen hat, aber das ist irrelevant, weil in vielen
Varianten der durch 6.a3 geschwächte weiße Damenfluegel zum Angriffsziel wird.}
) 7. dxc3 (7. bxc3 c5 8. O-O Nc6 9. cxd5 exd5 10. d3 h6 $13) 7... Nbd7 (7...
dxc4 $6 8. Qxd8 Rxd8 9. Ne5 Nbd7 10. Nxc4 Nb6 11. Na5 $16) 8. cxd5 exd5 9. O-O
Nc5 (9... Re8 10. Qc2 Qe7 (10... Nc5 11. c4 dxc4 12. Qxc4 Qe7 13. b4 {1/2-1/2
Ribli,Z-Timman,J/Amsterdam OHRA 1986] (13)}) 11. Re1 Nc5 (11... Ne4 $6 $14 12.
Nd2 $1 Ndf6 13. Nxe4 Nxe4 14. Be3 Bf5 15. Qb3 c6 16. c4 Be6 17. Qc2 $14 {
0-1 Tsesarsky,I-Huzman,A/Ramat Aviv 2000/CBM 78/[Tsesarsky] (47)}) 12. Nd4 Nce4
13. b4 c5 14. bxc5 Qxc5 15. Bf4 Bd7 16. Rec1 Rac8 17. Qb2 b5 18. Rab1 a6 19. h3
h6 20. g4 Qe7 21. Qb4 Qd8 22. Rc2 Rc4 23. Qb2 Qe7 {1/2-1/2 Ftacnik,L-Dautov,R/
Germany 1999/EXT 2000 (23)}) (9... Nb6 $6 10. a4 $1 c6 11. b3 Bf5 12. a5 Nbd7
13. c4 Be4 14. Bb2 $14 {Gurevich,M-Makarov,M/Helsinki op 1992/1/2-1/2 (83)}) (
9... c6 10. Qc2 Nb6 11. a4 Re8 12. Bf4 $14 (12. b3 Bg4 13. a5 Nbd7 14. a6 b6
15. c4 $14)) 10. Be3 $14 {[%csl Ge3,Gg2] Schwarz hat eine starke
Zentrumsstellung wegen des d5-Bauern, aber Weiß hat das Läuferpaar und spaeter
kann er die Stellung oeffnen, so dass er insgesamt über einen kleinen, aber
dauerhaften Positionsvorteil verfügt.} Qe7 (10... Nce4 11. Qb3 $14) 11. Rc1 (
11. Qc2 $14) 11... Rd8 (11... c6 12. c4 dxc4 13. Rxc4 Nce4 14. Qc2 $14) 12. Qc2
Ne6 {[%cal Gc7c5] Mit diesem Springerzug bereitet Schwarz 13...c5 vor und nach
13.c4 er kann schon 13...d4 ziehen.} (12... Bg4 $5) (12... c6 $5 13. c4 dxc4
14. Qxc4 Nce4) 13. Rfd1 c5 (13... c6 14. c4 $14) 14. Nh4 {[%cal Gh4f5]} g6 (
14... Ng4 15. Bd2 Ng5 16. h3 $14) 15. Nf3 {[%csl Yf6,Yh6] Der Mohr hat seine
Schuldigkeit getan, der Mohr kann gehen - jetzt sind die dunklen Felder
schwach in der schwarzen Stellung.} b6 {[%cal Gc8b7]} (15... Ng7 16. b4 $14)
16. Qa4 $1 {[%cal Ga4h4] Mit diesem gutem positionellen Zug möchte Weiß seine
Dame nach dem Königsflügel führen.} Bb7 17. Qh4 Re8 18. b4 h5 $6 {Schwarz
schwaecht von selbst seine Koenigsstellung. Das ist ein gutes Beispiel zum
Thema "die Medizin ist gefaehrlicher als die Krankheit".} (18... Ne4 $1 19.
Qxe7 (19. Qh6 $6 Qf6 $36) 19... Rxe7 $11) 19. bxc5 bxc5 (19... Nxc5 20. Qb4 $14
) 20. Qa4 $1 {Jetzt moechte Weiß wieder am Damenfluegel spielen.} Nd7 (20...
Ne4 21. Nd2 Nxd2 22. Rxd2 $14) 21. Rb1 {[%csl Gb1][%cal Gb1b7]} Nb6 22. Qb5 {
[%csl Gb5]} Rac8 (22... Rad8 $14) 23. Bh3 $1 {[%cal Gh3c8]} f5 $6 {Die
Fesselung auf der h3-c8 Diagonale war nicht angenehm fuer Schwarz, aber mit
dem Textzug schwaecht er unheilbar seinen Koenigsfluegel.} (23... Bc6 $142 $5)
24. Bg2 $1 {Interessant - in der ganzen Partie provoziert Weiß seinen Gegner -
siehe 14.Nh4 g6 15.Nf3, oder 16.Qa4, 17.Qh4 und nach 18...h5 zurueck 20.Qa4
und jetzt 23.Bh3 und nach 23...f5 24.Bg2.} Kg7 25. h4 $1 {[%csl Yf4,Yg5][%mdl
32] Mit diesem Zug befestigt Weiß sein Uebergewicht am Koenigsfluegel. Die
Schwächung der dunklen Felder ist fuehlbar.} Bc6 26. Qa6 Nc4 27. Bc1 Qf7 28.
Ng5 Nxg5 29. Bxg5 $16 {[%csl Gg2,Gg5] Weiß hat eine sehr aktive Stellung - es
ist nicht leicht fuer Schwarz einen Plan zu finden, er kann praktisch nur
abwarten, was passiert.} Rc7 $2 (29... Nb6 $5) 30. Bf4 Rcc8 {[#]} 31. Bxd5 $3 {
[%mdl 64] Eine schoene Kombination, wonach Schwarz keine ausreichende
Verteidigung mehr hat.} Bxd5 32. Rxd5 {[%csl Rg7]} Nb6 (32... Qxd5 33. Rb7+
Qxb7 (33... Kh8 34. Qf6+ $18) 34. Qxb7+ Kf6 (34... Kh8 35. Qf7 $18) 35. Qd5 Nb6
36. Bg5+ Kg7 37. Qb7+ $18) 33. Rd6 $18 Rcd8 34. Rbd1 Rxd6 35. Rxd6 Nd5 36. Bg5
Kh7 37. Qc4 {[%csl Rd5]} Re5 38. Bf4 1-0